| 000 | 00548nam a2200169 i 4500 | ||
|---|---|---|---|
| 001 | 51078 | ||
| 003 | ES-MaACL | ||
| 007 | t| | ||
| 008 | 030808s1953 sp ||||1| spa d | ||
| 100 | 1 |
_aCustine, Astolphe _cMarquis de. _942277 |
|
| 245 | 1 | 0 |
_aRusia ayer como hoy / _cMarqués de Custine ; [prólogo y traducción del francés por Joaquín de Camps]. |
| 250 | _a[1ª ed.]. | ||
| 260 |
_aBarcelona : _bDestino, _c[1953] ( _fClarasó) |
||
| 300 |
_a227 p. ; _c19 cm. |
||
| 700 | 1 |
_aCamps, Joaquín de. _934315 |
|
| 852 |
_aES-MaACL _jC-6270 _bR.34867 |
||
| 999 |
_c51078 _d51078 |
||